00902cam a2200217 a 450000100100000000500170001000800410002704000250006808200190009310000370011224501040014926000550025330000210030849000280032950400550035765100500041260000460046283000360050895201230054499900170066700001139420200929162435.0741108s1972 ck b 000 0 spa  aDO-SdBNPbspacBNPHU a230.007bR436r1 aRestrepo, Huberto,d1922-92701213aLa religión de la antigua Antioquia :b(estudio teológico-pastoral sobre Tomás Carrasquilla). a[Medellin, Colombia] :bEditorial Bedout,c[1972]. a274 p. ;c19 cm.1 aBolsilibros Bedoutv116 aIncluye referencias bibliográficas : p. 267-271. 4aAntioquia (Colombia{Rpara}xReligión92701314aCARRASQUILLA, TOMÁS,d1858-1940.923724 0aBolsilibros Bedout ;v11693750 001054708MOaGRbGRcCTd2009-10-16iLF1l0o230.007 R436rp11394-10r2020-06-25w2020-06-25y4ZPréstamo en sala c11101d11101